| 000 | 00561 a2200181 4500 | ||
|---|---|---|---|
| 020 | _a978-65-87946-23-8 | ||
| 040 | _aULA-LD-MS | ||
| 082 |
_b342.9/SIL/M 658.3/SIL/M _m3 |
||
| 100 |
_9995 _aDA SILVA, Celso Augusto Maria |
||
| 245 | _aModelo de Valorização do Capital Humano em Angola | ||
| 250 | _a1ª Edição | ||
| 260 |
_aRio de Janeiro-RJ _bEditora Dois03 |
||
| 300 | _a97p. | ||
| 600 | 0 | _aDA SILVA, Celso Augusto Maria | |
| 650 |
_aDireito Administrativo _aGestô de Recursos Humanos |
||
| 700 | _aCelso Augusto Maria da Silva | ||
| 942 | _cLivros | ||
| 999 |
_c2170 _d2170 |
||